[Event "31st Klatovy A 2025"]
[Site "Klatovy CZE"]
[Date "2025.07.05"]
[Round "8.18"]
[White "Palek, Miroslav"]
[Black "Hurtak, Otto"]
[Result "1-0"]
[WhiteElo "2046"]
[BlackElo "1931"]
[PlyCount "119"]
[EventDate "2025.06.28"]
[EventType "swiss"]
[EventRounds "9"]
[EventCountry "CZE"]

1. e4 {[%emt 0:00:22]} Nc6 {[%emt 0:00:07]} 2. Nc3 {[%emt 0:00:56]} Nf6 {[%emt 0:00:30]} 3. Nf3 {[%emt 0:01:22]} d6 {[%emt 0:00:26]} 4. d4 {[%emt 0:00:49]} g6 {[%emt 0:00:08]} 5. h3 {[%emt 0:00:42]} Bg7 {[%emt 0:00:07]} 6. Be3 {[%emt 0:00:21]} O-O {[%emt 0:00:32]} 7. g3 {[%emt 0:02:54]} e5 {[%emt 0:01:42]} 8. Bg2 {[%emt 0:00:35]} exd4 {[%emt 0:01:25]} 9. Nxd4 {[%emt 0:00:16]} Bd7 {[%emt 0:00:19]} 10. O-O {[%emt 0:00:19]} Re8 {[%emt 0:03:41]} 11. Re1 {[%emt 0:04:18]} Nxd4 {[%emt 0:04:36]} 12. Bxd4 {[%emt 0:00:40]} c5 {[%emt 0:11:38]} 13. Be3 {[%emt 0:01:47]} Bc6 {[%emt 0:00:50]} 14. Bf4 {[%emt 0:00:51]} Qb6 {[%emt 0:02:28]} 15. Rb1 {[%emt 0:21:57]} Rad8 {[%emt 0:11:10]} 16. Qd2 {[%emt 0:06:19]} Rd7 {[%emt 0:08:48]} 17. Nd5 {[%emt 0:02:18]} Qd8 {[%emt 0:08:09]} 18. Bg5 {[%emt 0:05:41]} Bxd5 {[%emt 0:04:47]} 19. exd5 {[%emt 0:00:22]} Rde7 {[%emt 0:07:25]} 20. c3 {[%emt 0:01:52]} Rxe1+ {[%emt 0:09:10]} 21. Rxe1 {[%emt 0:00:53]} Rxe1+ {[%emt 0:00:03]} 22. Qxe1 {[%emt 0:00:12]} h6 {[%emt 0:00:35]} 23. Bf4 {[%emt 0:00:55]} g5 {[%emt 0:00:47]} 24. Bc1 {[%emt 0:02:38]} Qd7 {[%emt 0:03:46]} 25. g4 {[%emt 0:01:59]} Kf8 {[%emt 0:11:03]} 26. Qe2 {[%emt 0:01:04]} Qe7 {[%emt 0:02:46]} 27. Kf1 {[%emt 0:00:20]} Nd7 {[%emt 0:01:34]} 28. f4 {[%emt 0:00:33]} gxf4 {[%emt 0:01:33]} 29. Qxe7+ {[%emt 0:02:16]} Kxe7 {[%emt 0:00:06]} 30. Bxf4 {[%emt 0:00:12]} Ne5 {[%emt 0:01:38]} 31. Ke2 {[%emt 0:00:34]} Ng6 {[%emt 0:04:52]} 32. Bc1 {[%emt 0:01:41]} Kf6 {[%emt 0:01:13]} 33. b3 {[%emt 0:21:48]} Ke7 {[%emt 0:02:04]} 34. Bd2 {[%emt 0:03:41]} b5 {[%emt 0:00:56]} 35. Kd3 {[%emt 0:00:16]} Ne5+ {[%emt 0:03:37]} 36. Ke4 {[%emt 0:00:15]} Kf6 {[%emt 0:00:13]} 37. Bf1 {[%emt 0:02:23]} a6 {[%emt 0:00:48]} 38. Be2 {[%emt 0:00:34]} Kg6 {[%emt 0:01:02]} 39. h4 {[%emt 0:01:41]} c4 {[%emt 0:04:02]} 40. Bf4 {[%emt 0:01:47]} cxb3 {[%emt 0:04:10]} 41. axb3 {[%emt 0:00:11]} Kf6 {[%emt 0:04:10]} 42. g5+ {[%emt 0:03:14]} Kg6 {[%emt 0:00:27]} 43. h5+ {[%emt 0:01:06]} Kh7 {[%emt 0:00:06]} 44. Kf5 {[%emt 0:02:07]} hxg5 {[%emt 0:00:51]} 45. Bxg5 {[%emt 0:00:14]} Nd7 {[%emt 0:01:28]} 46. c4 {[%emt 0:01:15]} bxc4 {[%emt 0:01:01]} 47. Bxc4 {[%emt 0:00:14]} Nb6 {[%emt 0:00:26]} 48. Bxa6 {[%emt 0:00:37]} Nxd5 {[%emt 0:00:19]} 49. Bc4 {[%emt 0:00:11]} f6 {[%emt 0:01:37]} 50. Bd2 {[%emt 0:02:25]} Nb6 {[%emt 0:00:45]} 51. Bd3 {[%emt 0:01:11]} Kg8 {[%emt 0:02:36]} 52. Ke6 {[%emt 0:00:10]} d5 {[%emt 0:00:55]} 53. Ba5 {[%emt 0:00:52]} Nc4 {[%emt 0:00:44]} 54. bxc4 {[%emt 0:00:11]} dxc4 {[%emt 0:00:10]} 55. Bxc4 {[%emt 0:00:04]} f5 {[%emt 0:01:02]} 56. Kxf5+ {[%emt 0:00:10]} Kh8 {[%emt 0:00:20]} 57. Kg6 {[%emt 0:00:23]} Bd4 {[%emt 0:01:23]} 58. h6 {[%emt 0:00:11]} Be5 {[%emt 0:00:44]} 59. Bb4 {[%emt 0:00:08]} Bd6 {[%emt 0:00:25]} 60. Bc3+ {[%emt 0:00:11]} 1-0

[Event "31st Klatovy A 2025"]
[Site "Klatovy CZE"]
[Date "2025.07.05"]
[Round "8.19"]
[White "Petrasek, Jiri"]
[Black "Krivka, Matej"]
[Result "1/2-1/2"]
[WhiteElo "1919"]
[BlackElo "2000"]
[PlyCount "75"]
[EventDate "2025.06.28"]
[EventType "swiss"]
[EventRounds "9"]
[EventCountry "CZE"]

1. e4 c5 2. Nf3 Nc6 3. Bb5 g6 4. Bxc6 dxc6 5. h3 Bg7 6. O-O Nf6 7. d3 Nd7 8. c3 e5 9. Bg5 Qc7 10. Na3 O-O 11. Nc4 Re8 12. Qd2 Nf8 13. Bh6 f6 14. Be3 b6 15. Qc2 Be6 16. Rfe1 f5 17. exf5 gxf5 18. Ng5 Bxc4 19. dxc4 e4 20. h4 Ng6 21. h5 Ne5 22. Bf4 Nf3+ 23. Nxf3 Qxf4 24. Nh2 Be5 25. g3 Qg5 26. Qe2 Kh8 27. Kh1 Bc7 28. Rg1 Rad8 29. Rad1 Rxd1 30. Rxd1 Rg8 31. Rg1 Rd8 32. Rd1 Rxd1+ 33. Qxd1 Qd8 34. Qxd8+ Bxd8 35. f3 exf3 36. Nxf3 Bf6 37. Kg2 Kg7 38. Kh3 1/2-1/2

[Event "31st Klatovy A 2025"]
[Site "Klatovy CZE"]
[Date "2025.07.05"]
[Round "8.20"]
[White "Langmajer, Jan"]
[Black "Slivova, Linda"]
[Result "1-0"]
[WhiteElo "1994"]
[BlackElo "1862"]
[PlyCount "123"]
[EventDate "2025.06.28"]
[EventType "swiss"]
[EventRounds "9"]
[EventCountry "CZE"]

1. e4 c5 2. Nf3 g6 3. d4 cxd4 4. Nxd4 Nc6 5. Be3 Bg7 6. Nc3 Nf6 7. Bc4 Qa5 8. O-O O-O 9. Bb3 d6 10. h3 Bd7 11. f4 Rac8 12. Re1 Qh5 13. Nxc6 bxc6 14. Bf2 Rfd8 15. e5 Qxd1 16. Raxd1 dxe5 17. fxe5 Nh5 18. Bxa7 Be8 19. e6 f5 20. Bb6 Rxd1 21. Rxd1 Nf4 22. Bd4 c5 23. Bxg7 Kxg7 24. Rf1 g5 25. g3 Nxh3+ 26. Kg2 g4 27. Rxf5 Kg8 28. Re5 Ng5 29. Bd5 Bc6 30. Bxc6 Rxc6 31. Nd5 Rd6 32. c4 h5 33. Re2 Kg7 34. Nxe7 Rxe6 35. Rxe6 Nxe6 36. a4 Kf6 37. Nd5+ Ke5 38. a5 Nd8 39. Ne7 Kd6 40. Ng6 Ne6 41. Nf4 Ng7 42. Kf2 Kc6 43. Nd3 Ne6 44. Nf4 Ng7 45. Nd5 Kb7 46. b4 cxb4 47. Nxb4 Nf5 48. c5 h4 49. gxh4 Nxh4 50. Kg3 Nf5+ 51. Kxg4 Ne7 52. Kf4 Nc8 53. Ke5 Kc7 54. Kd5 Na7 55. c6 Nc8 56. Kc5 Ne7 57. Nd5+ Nxd5 58. Kxd5 Kc8 59. Kd6 Kb8 60. Kd7 Ka8 61. c7 Ka7 62. Kc6 1-0

[Event "31st Klatovy A 2025"]
[Site "Klatovy CZE"]
[Date "2025.07.05"]
[Round "8.21"]
[White "Pick, Stepan"]
[Black "Mrazik, Marek"]
[Result "1/2-1/2"]
[WhiteElo "1949"]
[BlackElo "1854"]
[PlyCount "47"]
[EventDate "2025.06.28"]
[EventType "swiss"]
[EventRounds "9"]
[EventCountry "CZE"]

1. Nf3 Nf6 2. c4 c5 3. Nc3 d6 4. g3 g6 5. Bg2 Bg7 6. O-O O-O 7. d4 Bd7 8. dxc5 dxc5 9. Ne5 Qc7 10. Bf4 Qc8 11. Qb3 Nc6 12. Nxc6 Bxc6 13. Nd5 Bxd5 14. cxd5 Qd7 15. Rfd1 Nh5 16. Be3 Rac8 17. Rac1 b6 18. Rc2 Rfd8 19. a4 c4 20. Rxc4 Rxc4 21. Qxc4 Bxb2 22. Qb3 Be5 23. Rd3 Nf6 24. h3 1/2-1/2

[Event "31st Klatovy A 2025"]
[Site "Klatovy CZE"]
[Date "2025.07.05"]
[Round "8.22"]
[White "Svadlenka, Michal"]
[Black "Kocman, Patrik"]
[Result "1/2-1/2"]
[WhiteElo "1932"]
[BlackElo "1836"]
[PlyCount "111"]
[EventDate "2025.06.28"]
[EventType "swiss"]
[EventRounds "9"]
[EventCountry "CZE"]

1. e4 c5 2. Nf3 e6 3. d4 cxd4 4. Nxd4 a6 5. Nc3 Qc7 6. Be3 Nf6 7. f3 Bb4 8. Bd2 O-O 9. Bd3 b6 10. a3 Be7 11. O-O Bb7 12. Kh1 d6 13. Be3 Nbd7 14. Nb3 Rfd8 15. Qd2 Rac8 16. Rfd1 b5 17. Qf2 Nc5 18. Rac1 Nfd7 19. h3 Ne5 20. Nxc5 dxc5 21. Be2 Ng6 22. Rxd8+ Rxd8 23. Rd1 Rxd1+ 24. Nxd1 Bd6 25. Bf1 h6 26. Qd2 c4 27. Nc3 Ne7 28. Be2 Ng6 29. Kg1 Kf8 30. Nb1 Ke7 31. b3 cxb3 32. cxb3 Bc5 33. Kf2 Qb6 34. b4 Bxe3+ 35. Qxe3 Qxe3+ 36. Kxe3 e5 37. g3 Kd6 38. Bd1 Ne7 39. Nd2 f6 40. Nb3 Nc6 41. h4 Bc8 42. f4 Be6 43. Nc5 Bc8 44. Nd3 Nd4 45. f5 Kc6 46. Nf2 Kd6 47. Kd3 Bb7 48. Bh5 Ke7 49. Bd1 Kd6 50. g4 Bc8 51. Nh3 Ke7 52. Ke3 Bd7 53. Nf2 Kd6 54. Nd3 Bc8 55. Nc1 Ke7 56. Bb3 1/2-1/2

[Event "31st Klatovy A 2025"]
[Site "Klatovy CZE"]
[Date "2025.07.05"]
[Round "8.23"]
[White "Pokorny, Jiri 2007"]
[Black "Hrckova, Anna"]
[Result "1-0"]
[WhiteElo "2122"]
[BlackElo "1728"]
[PlyCount "69"]
[EventDate "2025.06.28"]
[EventType "swiss"]
[EventRounds "9"]
[EventCountry "CZE"]

1. e4 e6 2. d4 d5 3. exd5 exd5 4. Bd3 Nc6 5. c3 Bd6 6. Ne2 Nge7 7. Qc2 Be6 8. O-O Qd7 9. Ng3 h5 10. Ne2 O-O-O 11. Bf4 f6 12. Nd2 g5 13. Bxd6 Qxd6 14. Rfe1 h4 15. b4 Rdf8 16. b5 Nd8 17. c4 h3 18. c5 Qd7 19. Qa4 Kb8 20. g3 Bf5 21. Qb3 Bxd3 22. Qxd3 f5 23. Nc3 f4 24. b6 cxb6 25. cxb6 a6 26. Nb3 Ne6 27. Re2 Rf6 28. Rae1 Rc8 29. Nc5 Nxc5 30. dxc5 Rf7 31. Qd4 Qg4 32. Rxe7 Rxe7 33. Rxe7 Qf3 34. Qxd5 Qxd5 35. Nxd5 1-0

[Event "31st Klatovy A 2025"]
[Site "Klatovy CZE"]
[Date "2025.07.05"]
[Round "8.24"]
[White "Martinkovic, Adam"]
[Black "Bubela, Alexander Georg"]
[Result "1/2-1/2"]
[WhiteElo "1921"]
[BlackElo "1806"]
[PlyCount "67"]
[EventDate "2025.06.28"]
[EventType "swiss"]
[EventRounds "9"]
[EventCountry "CZE"]

1. d4 d5 2. c4 e6 3. Nf3 c5 4. cxd5 exd5 5. g3 Nc6 6. Bg2 Nf6 7. O-O Be7 8. a3 cxd4 9. Nxd4 O-O 10. Nc3 Re8 11. b4 Be6 12. Bb2 Bf8 13. Na4 Rc8 14. Rc1 Bg4 15. Nf3 Ne4 16. Qd3 Bf5 17. Nh4 Be6 18. Rfd1 Qg5 19. Nf3 Qg6 20. Nd2 Bf5 21. Nxe4 dxe4 22. Qe3 Be7 23. h4 Bd6 24. Nc5 b6 25. Nb3 h5 26. b5 Ne5 27. Rxc8 Rxc8 28. Bxe5 Bxe5 29. Nd4 Rd8 30. Rd2 Bxd4 31. Rxd4 Rxd4 32. Qxd4 Qe6 33. a4 Kh7 34. Kh2 1/2-1/2

[Event "31st Klatovy A 2025"]
[Site "Klatovy CZE"]
[Date "2025.07.05"]
[Round "8.25"]
[White "Bobrakov Timoskin, Alexandr 1978"]
[Black "Vo, Daniel"]
[Result "1-0"]
[WhiteElo "1868"]
[BlackElo "1834"]
[PlyCount "55"]
[EventDate "2025.06.28"]
[EventType "swiss"]
[EventRounds "9"]
[EventCountry "CZE"]

1. d4 d5 2. c4 dxc4 3. Nf3 Nf6 4. e3 Be6 5. Ne5 g6 6. Nc3 Bg7 7. Bxc4 Bxc4 8. Nxc4 O-O 9. O-O c5 10. d5 Nfd7 11. e4 Ne5 12. Nxe5 Bxe5 13. Bg5 f5 14. Nb5 a6 15. d6 Bxd6 16. Qd5+ Kh8 17. Qxb7 Nc6 18. Nxd6 Qxd6 19. Rad1 Qe6 20. exf5 gxf5 21. Rfe1 Qg6 22. Bxe7 Ra7 23. Qxa7 Nxa7 24. Bxf8 Nc6 25. Bxc5 Qg8 26. Rd6 Qc8 27. Rde6 Kg7 28. Re8 1-0

[Event "31st Klatovy A 2025"]
[Site "Klatovy CZE"]
[Date "2025.07.05"]
[Round "8.27"]
[White "Mojzisova, Barbora"]
[Black "Rezac, Jindrich"]
[Result "1/2-1/2"]
[WhiteElo "1757"]
[BlackElo "1849"]
[PlyCount "64"]
[EventDate "2025.06.28"]
[EventType "swiss"]
[EventRounds "9"]
[EventCountry "CZE"]

1. e4 c5 2. Nf3 Nc6 3. d4 cxd4 4. Nxd4 g6 5. Nc3 Bg7 6. Be3 d6 7. Bc4 Nf6 8. f3 Bd7 9. O-O O-O 10. Qd2 a6 11. a3 Rc8 12. Be2 Re8 13. Rac1 Qc7 14. Kh1 Ne5 15. Rfd1 Nc6 16. Qe1 Nxd4 17. Bxd4 Be6 18. Qf2 Bc4 19. h3 Bxe2 20. Qxe2 Qc4 21. Qd3 Qxd3 22. Rxd3 Nd7 23. Bxg7 Kxg7 24. Nd5 Nf6 25. c3 Nxd5 26. exd5 Kf6 27. Re1 Rc5 28. Kg1 e6 29. dxe6 Rxe6 30. Rxe6+ Kxe6 31. Kf2 b5 32. Ke3 Re5+ 1/2-1/2

[Event "31st Klatovy A 2025"]
[Site "Klatovy CZE"]
[Date "2025.07.05"]
[Round "8.28"]
[White "Gernert, Tomas"]
[Black "Feierfeil, Jiri"]
[Result "1-0"]
[WhiteElo "1794"]
[BlackElo "1738"]
[PlyCount "80"]
[EventDate "2025.06.28"]
[EventType "swiss"]
[EventRounds "9"]
[EventCountry "CZE"]

1. d4 d5 2. Bf4 e6 3. e3 Bd6 4. Qg4 g6 5. Qg3 Bxf4 6. Qxf4 Nd7 7. Nf3 a6 8. Nbd2 c6 9. Bd3 b5 10. c3 Bb7 11. h4 Qb8 12. Qxb8+ Rxb8 13. h5 gxh5 14. Rxh5 h6 15. Ke2 f5 16. Rah1 Ndf6 17. R5h4 Ke7 18. Ne5 Rh7 19. g4 Rg7 20. gxf5 exf5 21. Bxf5 h5 22. Bg6 a5 23. Nb3 a4 24. Nc5 Ba8 25. a3 Rf8 26. Bxh5 Nxh5 27. Rxh5 Nf6 28. Rh6 Rfg8 29. R1h4 Ne8 30. Re6+ Kd8 31. Rhh6 Nc7 32. Rd6+ Kc8 33. Rd7 Ne8 34. Rxg7 Nxg7 35. Nxc6 Bxc6 36. Rxc6+ Kd8 37. Rg6 Ke7 38. Ne6 Kf7 39. Rxg7+ Rxg7 40. Nxg7 Kxg7 1-0

[Event "31st Klatovy A 2025"]
[Site "Klatovy CZE"]
[Date "2025.07.05"]
[Round "8.26"]
[White "Hronik, Petr 1980"]
[Black "Paldus, Jan"]
[Result "1/2-1/2"]
[WhiteElo "1905"]
[BlackElo "1761"]
[PlyCount "52"]
[EventDate "2025.06.28"]
[EventType "swiss"]
[EventRounds "9"]
[EventCountry "CZE"]

1. Nf3 d5 2. d4 Nf6 3. Bf4 c5 4. e3 Qb6 5. Nc3 e6 6. Nb5 Na6 7. dxc5 Bxc5 8. a4 O-O 9. c3 Ne4 10. Bd3 Be7 11. h4 Nd6 12. Qc2 h6 13. a5 Qd8 14. g4 Nc5 15. Nxd6 Nxd3+ 16. Qxd3 Bxd6 17. Bxd6 Qxd6 18. Qd4 Bd7 19. g5 h5 20. Ne5 g6 21. Rh3 Rfd8 22. Rf3 Be8 23. Rf6 Rac8 24. Kd2 Qc5 25. Qf4 Rc7 26. Qd4 Qxd4+ 1/2-1/2

[Event "31st Klatovy A 2025"]
[Site "Klatovy CZE"]
[Date "2025.07.06"]
[Round "9.1"]
[White "Slovak, Kilian"]
[Black "Janous, Marek"]
[Result "1-0"]
[WhiteElo "2349"]
[BlackElo "2220"]
[PlyCount "51"]
[EventDate "2025.06.28"]
[EventType "swiss"]
[EventRounds "9"]
[EventCountry "CZE"]

1. e4 {[%emt 0:00:08]} c5 {[%emt 0:00:07]} 2. Nf3 {[%emt 0:00:11]} Nc6 {[%emt 0:00:06]} 3. d4 {[%emt 0:00:07]} cxd4 {[%emt 0:00:06]} 4. Nxd4 {[%emt 0:00:06]} e5 {[%emt 0:00:04]} 5. Nb5 {[%emt 0:00:09]} d6 {[%emt 0:00:06]} 6. N1c3 {[%emt 0:00:09]} a6 {[%emt 0:00:27]} 7. Na3 {[%emt 0:00:12]} Be6 {[%emt 0:00:06]} 8. Nc4 {[%emt 0:00:23]} Rb8 {[%emt 0:00:06]} 9. Nd5 {[%emt 0:00:25]} Bxd5 {[%emt 0:01:12]} 10. exd5 {[%emt 0:01:09]} Nce7 {[%emt 0:00:11]} 11. a4 {[%emt 0:01:13]} Nf6 {[%emt 0:01:06]} 12. g4 {[%emt 0:00:58]} h6 {[%emt 0:01:38]} 13. h4 {[%emt 0:04:57]} Nexd5 {[%emt 0:14:46]} 14. Bg2 {[%emt 0:00:26]} Nb6 {[%emt 0:05:30]} 15. Ne3 {[%emt 0:00:19]} Qc7 {[%emt 0:02:35]} 16. g5 {[%emt 0:10:23]} hxg5 {[%emt 0:15:55]} 17. hxg5 {[%emt 0:00:47]} Rxh1+ {[%emt 0:00:08]} 18. Bxh1 {[%emt 0:00:11]} Nfd7 {[%emt 0:03:48]} 19. a5 {[%emt 0:14:30]} Nc4 {[%emt 0:05:40]} 20. Bd5 {[%emt 0:01:37]} Nxe3 {[%emt 0:05:36]} 21. Bxe3 {[%emt 0:01:04]} b6 {[%emt 0:02:21]} 22. Qf3 {[%emt 0:05:43]} Nc5 {[%emt 0:07:41]} 23. O-O-O {[%emt 0:09:10]} Rc8 {[%emt 0:08:03]} 24. c3 {[%emt 0:04:56]} bxa5 {[%emt 0:02:02]} 25. Bxc5 {[%emt 0:06:31]} dxc5 {[%emt 0:00:07]} 26. Qf5 {[%emt 0:02:02]} 1-0

[Event "31st Klatovy A 2025"]
[Site "Klatovy CZE"]
[Date "2025.07.06"]
[Round "9.2"]
[White "Jun, Rudolf"]
[Black "Horak, Martin"]
[Result "1/2-1/2"]
[WhiteElo "2279"]
[BlackElo "2324"]
[PlyCount "24"]
[EventDate "2025.06.28"]
[EventType "swiss"]
[EventRounds "9"]
[EventCountry "CZE"]

1. e4 {[%emt 0:04:17]} c5 {[%emt 0:00:06]} 2. Nf3 {[%emt 0:00:29]} d6 {[%emt 0:00:18]} 3. g3 {[%emt 0:00:38]} Nf6 {[%emt 0:01:33]} 4. d3 {[%emt 0:00:24]} g6 {[%emt 0:00:57]} 5. Bg2 {[%emt 0:00:06]} Bg7 {[%emt 0:00:05]} 6. O-O {[%emt 0:00:33]} O-O {[%emt 0:00:15]} 7. Re1 {[%emt 0:01:02]} Nc6 {[%emt 0:00:27]} 8. Nc3 {[%emt 0:06:04]} Rb8 {[%emt 0:01:32]} 9. a4 {[%emt 0:01:55]} a6 {[%emt 0:01:16]} 10. h3 {[%emt 0:08:22]} b5 {[%emt 0:01:18]} 11. axb5 {[%emt 0:00:09]} axb5 {[%emt 0:00:05]} 12. e5 {[%emt 0:07:39]} dxe5 {[%emt 0:19:06]} 1/2-1/2

[Event "31st Klatovy A 2025"]
[Site "Klatovy CZE"]
[Date "2025.07.06"]
[Round "9.3"]
[White "Straka, Vojtech"]
[Black "Mametev, Artem"]
[Result "0-1"]
[WhiteElo "2425"]
[BlackElo "2179"]
[PlyCount "92"]
[EventDate "2025.06.28"]
[EventType "swiss"]
[EventRounds "9"]
[EventCountry "CZE"]

1. d4 {[%emt 0:00:04]} Nf6 {[%emt 0:06:06]} 2. c4 {[%emt 0:00:09]} g6 {[%emt 0:00:07]} 3. Nc3 {[%emt 0:00:06]} Bg7 {[%emt 0:00:03]} 4. e4 {[%emt 0:00:09]} d6 {[%emt 0:00:06]} 5. Nf3 {[%emt 0:00:15]} O-O {[%emt 0:00:06]} 6. h3 {[%emt 0:00:08]} e5 {[%emt 0:01:39]} 7. d5 {[%emt 0:00:15]} Nh5 {[%emt 0:00:17]} 8. Rg1 {[%emt 0:00:08]} Qe8 {[%emt 0:10:20]} 9. Be3 {[%emt 0:05:08]} f5 {[%emt 0:02:47]} 10. exf5 {[%emt 0:00:34]} gxf5 {[%emt 0:00:12]} 11. g4 {[%emt 0:00:06]} fxg4 {[%emt 0:07:18]} 12. hxg4 {[%emt 0:00:31]} Nf4 {[%emt 0:00:08]} 13. Qc2 {[%emt 0:03:13]} Qg6 {[%emt 0:04:52]} 14. Qxg6 {[%emt 0:10:23]} Nxg6 {[%emt 0:06:02]} 15. Ng5 {[%emt 0:01:46]} Na6 {[%emt 0:12:23]} 16. Bd3 {[%emt 0:06:46]} Nc5 {[%emt 0:18:20]} 17. Bc2 {[%emt 0:01:09]} Bf6 {[%emt 0:06:27]} 18. b4 {[%emt 0:08:43]} e4 {[%emt 0:02:16]} 19. O-O-O {[%emt 0:11:50]} Nd3+ {[%emt 0:08:04]} 20. Bxd3 {[%emt 0:00:27]} exd3 {[%emt 0:01:55]} 21. Nce4 {[%emt 0:04:04]} Bg7 {[%emt 0:06:23]} 22. Ne6 {[%emt 0:27:51]} Bxe6 {[%emt 0:00:14]} 23. dxe6 {[%emt 0:00:06]} Rae8 {[%emt 0:04:03]} 24. Ng3 {[%emt 0:10:09]} Rxe6 {[%emt 0:00:34]} 25. Nf5 {[%emt 0:11:22]} Re4 {[%emt 0:01:01]} 26. c5 {[%emt 0:00:14]} Rxb4 {[%emt 0:04:07]} 27. Rxd3 {[%emt 0:04:14]} Ne5 {[%emt 0:00:21]} 28. Rd5 {[%emt 0:00:10]} Rxg4 {[%emt 0:14:38]} 29. Rxg4 {[%emt 0:01:09]} Nxg4 {[%emt 0:00:02]} 30. cxd6 {[%emt 0:02:58]} Nxe3 {[%emt 0:00:53]} 31. fxe3 {[%emt 0:00:55]} cxd6 {[%emt 0:00:45]} 32. Nxd6 {[%emt 0:00:12]} Rd8 {[%emt 0:05:01]} 33. e4 {[%emt 0:00:26]} Rd7 {[%emt 0:00:58]} 34. Kd2 {[%emt 0:09:10]} Be5 {[%emt 0:02:17]} 35. Nc8 {[%emt 0:04:43]} Rxd5+ {[%emt 0:00:40]} 36. exd5 {[%emt 0:00:02]} a6 {[%emt 0:00:25]} 37. d6 {[%emt 0:00:09]} Kf8 {[%emt 0:01:24]} 38. d7 {[%emt 0:00:09]} Bc7 {[%emt 0:00:23]} 39. Kd3 {[%emt 0:01:39]} h5 {[%emt 0:01:30]} 40. Ke4 {[%emt 0:00:50]} h4 {[%emt 0:00:14]} 41. Kf3 {[%emt 0:02:05]} b5 {[%emt 0:00:13]} 42. Kg4 {[%emt 0:02:19]} Bd8 {[%emt 0:00:01]} 43. Na7 {[%emt 0:00:49]} Ke7 {[%emt 0:00:21]} 44. Nc6+ {[%emt 0:00:13]} Kxd7 {[%emt 0:00:27]} 45. Nb8+ {[%emt 0:00:05]} Kc8 {[%emt 0:00:15]} 46. Nxa6 {[%emt 0:00:16]} Be7 0-1

[Event "31st Klatovy A 2025"]
[Site "Klatovy CZE"]
[Date "2025.07.06"]
[Round "9.4"]
[White "Tvrdik, Daniel"]
[Black "Vitak, Jiri"]
[Result "0-1"]
[WhiteElo "2140"]
[BlackElo "2308"]
[PlyCount "110"]
[EventDate "2025.06.28"]
[EventType "swiss"]
[EventRounds "9"]
[EventCountry "CZE"]

1. e4 {[%emt 0:00:07]} c5 {[%emt 0:00:05]} 2. a3 {[%emt 0:00:38]} d5 {[%emt 0:04:37]} 3. exd5 {[%emt 0:00:16]} Nf6 {[%emt 0:04:50]} 4. Bb5+ {[%emt 0:05:00]} Bd7 {[%emt 0:09:47]} 5. Bxd7+ {[%emt 0:03:23]} Qxd7 {[%emt 0:00:08]} 6. c4 {[%emt 0:02:16]} e6 {[%emt 0:00:06]} 7. dxe6 {[%emt 0:00:34]} fxe6 {[%emt 0:01:07]} 8. Nf3 {[%emt 0:04:08]} Nc6 {[%emt 0:00:31]} 9. O-O {[%emt 0:02:42]} Bd6 {[%emt 0:00:52]} 10. Nc3 {[%emt 0:15:54]} O-O {[%emt 0:02:36]} 11. Re1 {[%emt 0:08:48]} Ng4 {[%emt 0:39:03]} 12. Ne4 {[%emt 0:07:41]} Rad8 {[%emt 0:13:50]} 13. h3 {[%emt 0:18:40]} Nge5 {[%emt 0:03:39]} 14. Nxe5 {[%emt 0:04:42]} Nxe5 {[%emt 0:00:27]} 15. Nxd6 {[%emt 0:01:48]} Qxd6 {[%emt 0:00:13]} 16. Qe2 {[%emt 0:03:26]} Nd3 {[%emt 0:01:01]} 17. Qxe6+ {[%emt 0:00:53]} Qxe6 {[%emt 0:00:05]} 18. Rxe6 {[%emt 0:00:10]} Rxf2 {[%emt 0:01:22]} 19. Re3 {[%emt 0:12:41]} Rf6 {[%emt 0:28:27]} 20. b3 {[%emt 0:01:35]} Rg6 {[%emt 0:09:32]} 21. g3 {[%emt 0:10:05]} Rf6 {[%emt 0:01:38]} 22. a4 {[%emt 0:09:58]} Nxc1 {[%emt 0:01:47]} 23. Rxc1 {[%emt 0:00:08]} Rxd2 {[%emt 0:00:04]} 24. Rf1 {[%emt 0:02:49]} Rxf1+ {[%emt 0:00:50]} 25. Kxf1 {[%emt 0:00:05]} Rb2 {[%emt 0:00:25]} 26. Rf3 {[%emt 0:05:34]} b6 {[%emt 0:00:36]} 27. Kg1 {[%emt 0:05:17]} g5 {[%emt 0:01:44]} 28. g4 {[%emt 0:01:39]} Kg7 {[%emt 0:00:47]} 29. Kf1 {[%emt 0:00:29]} Kg6 {[%emt 0:00:17]} 30. Kg1 {[%emt 0:00:14]} h5 {[%emt 0:00:41]} 31. Kf1 {[%emt 0:02:18]} hxg4 {[%emt 0:00:20]} 32. hxg4 {[%emt 0:00:05]} Rd2 {[%emt 0:01:15]} 33. Kg1 {[%emt 0:01:31]} Rd4 {[%emt 0:00:29]} 34. Rg3 {[%emt 0:00:05]} Kf6 {[%emt 0:00:36]} 35. Kf2 {[%emt 0:00:43]} Ke5 {[%emt 0:00:21]} 36. Ke3 {[%emt 0:01:19]} Re4+ {[%emt 0:00:44]} 37. Kf3 {[%emt 0:00:34]} Kd4 {[%emt 0:00:08]} 38. Kf2 {[%emt 0:00:04]} a5 {[%emt 0:01:39]} 39. Rf3 {[%emt 0:00:22]} Rxg4 {[%emt 0:00:14]} 40. Rh3 {[%emt 0:00:40]} Rf4+ {[%emt 0:00:43]} 41. Ke2 {[%emt 0:00:23]} Rf6 {[%emt 0:01:08]} 42. Rg3 {[%emt 0:00:17]} Rg6 {[%emt 0:00:22]} 43. Kd2 {[%emt 0:00:04]} g4 {[%emt 0:00:46]} 44. Ke2 {[%emt 0:00:30]} Ke4 {[%emt 0:00:05]} 45. Kf2 {[%emt 0:00:36]} Kf4 {[%emt 0:00:04]} 46. Rd3 {[%emt 0:00:14]} Re6 {[%emt 0:00:29]} 47. Rd8 {[%emt 0:01:07]} g3+ {[%emt 0:00:15]} 48. Kf1 {[%emt 0:00:21]} Re3 {[%emt 0:00:08]} 49. Rf8+ {[%emt 0:00:22]} Kg5 {[%emt 0:01:10]} 50. Rg8+ {[%emt 0:01:04]} Kf6 {[%emt 0:00:07]} 51. Kg2 {[%emt 0:00:56]} Rxb3 {[%emt 0:00:06]} 52. Rb8 {[%emt 0:00:08]} Ke5 {[%emt 0:00:14]} 53. Rd8 {[%emt 0:00:16]} Rb4 {[%emt 0:00:20]} 54. Kxg3 {[%emt 0:00:42]} Rxa4 {[%emt 0:00:15]} 55. Rb8 {[%emt 0:00:17]} Rb4 {[%emt 0:02:08]} 0-1